000 01622nam a22002537a 4500
999 _c62102
_d62102
003 Ge_BSU
005 20240711103050.0
008 240711s2021 ge ||||| |||| 00| 0 geo d
020 _a9789941258527
041 _ageo
080 _a61(038)ს-22
245 _aსამედიცინო ტერმინთა და ცნებათა განმარტებითი ლექსიკონი /
_cთინათინ გოგიჩაძე, ეკატერინე მისაბიშვილი, ეკატერინე მჭედლიშვილი, გიორგი გოგიჩაძე ; რედაქტორი ნოდარ ჭიჭინაძე.
264 _aთბილისი :
_bმერიდიანი,
_c 2021.
300 _a596 გვ. ;
_b20,5 სმ
504 _aბიბლიოგრაფია: გვ. 592-593.
653 _aსამედიცინო ტერმინთა განმარტებითი ლექსიკონი.
653 _aმედიცინა -- ლექსიკონები.
700 _aგოგიჩაძე, თინათინ,
_eავტორი.
_922799
700 _aმისაბიშვილი, ეკატერინე
_eავტორი.
_922800
700 _aმჭედლიშვილი, ეკატერინე
_eავტორი.
_922801
700 _aგოგიჩაძე, გიორგი
_eავტორი.
_96276
700 _aჭიჭინაძე, ნოდარ
_eრედაქტორი
_96296
942 _2udc
_cBK